000 00469 a2200169 4500
005 20251110104131.0
008 250306b |||||||| |||| 00| 0 eng d
020 _a9788126315413
080 _aFH
_bNAG/S
100 _aNagar,Amritlal
245 _aShatranj ke mohre(शतरंज के मोहरे )
250 _a14th ed.
260 _bBharatiya Jnanpith
_aNew Delhi.
_c2016.
300 _a298p.
653 _aFiction-Novel-Hindi Literature
942 _cOO
999 _c113198
_d113197